[Event "BLR-ch (Women) 80th"]
[Site "Minsk"]
[Date "2024.01.18"]
[Round "9"]
[White "Tarasenka, Aliaksandra"]
[Black "Dorashava, Viktoryia"]
[Result "1-0"]
[WhiteElo "2061"]
[BlackElo "1582"]
[PlyCount "61"]
[EventDate "2024.01.10"]
[EventType "tourn"]
[EventRounds "9"]
[EventCountry "BLR"]
[SourceTitle "CB04_2024"]
[SourceDate "2023.10.16"]
[SourceVersion "1"]
[SourceVersionDate "2023.10.16"]
[SourceQuality "1"]

1. e4 e6 2. d4 d5 3. e5 c5 4. c3 Nc6 5. Nf3 Qb6 6. Bd3 cxd4 7. 0-0 Bd7 8. Nbd2 dxc3 9. bxc3 Nge7 10. Qe2 Na5 11. Rb1 Qc7 12. Nb3 Nxb3 13. Rxb3 Nc6 14. Bf4 Na5 15. Rbb1 a6 16. h4 b5 17. h5 h6 18. Bg3 Be7 19. Rbc1 Nc4 20. Nd4 Bc5 21. Qg4 0-0 22. Rfe1 Rfe8 23. Bf4 Kh8 24. Qf3 Rf8 25. Rc2 b4 26. Rce2 bxc3 27. Bxh6 Nxe5 28. Rxe5 gxh6 29. Qf6+ Kg8 30. Rg5+ hxg5 31. h6 1-0

[Event "RUS Cup tt (Women)"]
[Site "Sochi"]
[Date "2023.12.03"]
[Round "7.2"]
[White "Tarasenka, Aliaksandra"]
[Black "Kovanova, Baira"]
[Result "0-1"]
[WhiteElo "2077"]
[BlackElo "2337"]
[PlyCount "104"]
[EventDate "2023.11.27"]
[EventType "team-tourn"]
[EventRounds "7"]
[EventCountry "RUS"]
[SourceTitle "CB49_2023"]
[SourceDate "2023.12.06"]
[SourceVersion "1"]
[SourceVersionDate "2023.12.06"]
[SourceQuality "1"]
[WhiteTeam "Belarus (W)"]
[BlackTeam "Sima Lend (W)"]
[WhiteTeamCountry "BLR"]
[BlackTeamCountry "RUS"]

1. e4 c5 2. Nc3 Nc6 3. Nge2 d6 4. g3 g6 5. Bg2 Bg7 6. 0-0 e6 7. h3 Nge7 8. d3 0-0 9. Be3 Rb8 10. d4 cxd4 11. Nxd4 a6 12. Qd2 Qc7 13. Rad1 Na5 14. b3 b5 15. a4 bxa4 16. Nxa4 Bd7 17. Ra1 Nb7 18. Nb2 d5 19. exd5 Nxd5 20. Bh6 Bxh6 21. Qxh6 Qc3 22. Bxd5 exd5 23. Qe3 Qxe3 24. fxe3 Bxh3 25. Rf6 Nc5 26. Nd3 Kg7 27. Rd6 Ne4 28. Rxd5 Bc8 29. Kh2 Nf6 30. Rc5 Ng4+ 31. Kg1 Nxe3 32. Re1 Nf5 33. Nc6 Rb6 34. Kf2 Bb7 35. Nce5 Rc8 36. g4 Nd4 37. Rc1 Rd6 38. Rxc8 Bxc8 39. g5 f6 40. gxf6+ Kxf6 41. Ke3 Bf5 42. b4 Ne6 43. c4 Rd4 44. c5 Re4+ 45. Kd2 Nd4 46. Rh1 h5 47. c6 Re2+ 48. Kc3 Nb5+ 49. Kc4 Rc2+ 50. Kd5 Be6+ 51. Ke4 Re2+ 52. Kf3 Rxe5 0-1

[Event "RUS-chT Rapid (Women)"]
[Site "Sochi"]
[Date "2023.10.18"]
[Round "1.6"]
[White "Tarasenka, Aliaksandra"]
[Black "Kovanova, Baira"]
[Result "1-0"]
[WhiteElo "2077"]
[BlackElo "2306"]
[PlyCount "81"]
[EventDate "2023.10.18"]
[EventType "team-swiss (rapid)"]
[EventRounds "9"]
[EventCountry "RUS"]
[SourceTitle "Mega2024 Update 01"]
[Source "Chessbase"]
[SourceDate "2023.11.12"]
[SourceVersion "1"]
[SourceVersionDate "2023.11.12"]
[SourceQuality "1"]
[WhiteTeam "Belarus (W)"]
[BlackTeam "Rostov Nastavnik (W)"]
[WhiteTeamCountry "BLR"]
[BlackTeamCountry "RUS"]

1. e4 c5 2. Nf3 e6 3. c3 Nf6 4. e5 Nd5 5. Bc4 Nb6 6. Bb3 c4 7. Bc2 d5 8. 0-0 Nc6 9. d4 cxd3 10. Bxd3 Be7 11. Nbd2 Qc7 12. Qe2 Nd7 13. Rd1 0-0 14. Nb3 Re8 15. Bf4 Nf8 16. Bg3 a6 17. a4 Bd7 18. h4 h6 19. Nfd4 Qb6 20. a5 Qd8 21. h5 f5 22. exf6 Bxf6 23. Nxc6 Bxc6 24. Nd4 e5 25. Nf5 Qd7 26. Bc2 e4 27. Qg4 Kh8 28. Nd6 Qe6 29. Qxe6 Rxe6 30. Bb3 Be7 31. Nf5 Bf6 32. Bxd5 Bxd5 33. Rxd5 b6 34. Nd6 bxa5 35. Re1 a4 36. Rxe4 Rb8 37. Ra5 Kg8 38. Rxe6 Nxe6 39. Ne4 Rxb2 40. Rxa4 Kf7 41. Rxa6 1-0

[Event "Minsk Kupreichik Memorial op"]
[Site "Minsk"]
[Date "2023.04.22"]
[Round "2"]
[White "Zeliantsova, Kseniya"]
[Black "Tarasenka, Aliaksandra"]
[Result "0-1"]
[WhiteElo "2071"]
[BlackElo "2002"]
[PlyCount "104"]
[EventDate "2023.04.21"]
[EventType "swiss"]
[EventRounds "7"]
[EventCountry "BLR"]
[SourceTitle "CBM 214 Extra"]
[Source "ChessBase"]
[SourceDate "2023.07.31"]
[SourceVersion "1"]
[SourceVersionDate "2023.07.31"]
[SourceQuality "1"]

1. e4 c5 2. Nf3 g6 3. d4 cxd4 4. Nxd4 Nf6 5. Nc3 Nc6 6. Nxc6 bxc6 7. e5 Ng8 8. Bc4 Bg7 9. Qf3 f5 10. Bf4 e6 11. 0-0-0 Qc7 12. Bb3 Rb8 13. Qe2 Nf6 14. Bg3 Nh5 15. f4 Bh6 16. Rhf1 0-0 17. Kb1 Qa5 18. Qe3 Rf7 19. Na4 Qb5 20. c4 Qb7 21. Be1 Qc7 22. g3 Bf8 23. Bf2 Rb4 24. Rd3 Ng7 25. Rfd1 Ne8 26. Qd2 Qa5 27. Qc2 Qc7 28. Bc5 Rxa4 29. Bd6 Bxd6 30. exd6 Nxd6 31. Bxa4 Ne4 32. c5 Qa5 33. Rd4 Nxc5 34. Bxc6 Qb6 35. Bg2 d5 36. Rc1 Rc7 37. Qd2 Ba6 38. Bf1 Ne4 39. Rxe4 Rxc1+ 40. Qxc1 fxe4 41. Bxa6 Qxa6 42. Qc7 Qb6 43. Qc8+ Kg7 44. Qd7+ Kh6 45. a4 Qg1+ 46. Ka2 Qxh2 47. f5 exf5 48. Qd6 Qd2 49. Qf8+ Kh5 50. Qe7 Kg4 51. Qxh7 g5 52. Qxa7 e3 0-1

[Event "BLR-ch (Women)"]
[Site "Minsk"]
[Date "2023.01.13"]
[Round "5"]
[White "Shaban, Aliaksandra"]
[Black "Tarasenka, Aliaksandra"]
[Result "0-1"]
[WhiteElo "1766"]
[BlackElo "2064"]
[PlyCount "58"]
[EventDate "2023.01.09"]
[EventType "tourn"]
[EventRounds "9"]
[EventCountry "BLR"]
[SourceTitle "CBM 212 Extra"]
[Source "ChessBase"]
[SourceDate "2023.03.31"]
[SourceVersion "1"]
[SourceVersionDate "2023.03.31"]
[SourceQuality "1"]

1. d4 f5 2. c4 g6 3. Nc3 Bg7 4. Nf3 d6 5. g3 Nf6 6. Bg2 0-0 7. 0-0 Nc6 8. d5 Ne5 9. Qb3 Nxf3+ 10. Bxf3 Nd7 11. Bg2 e5 12. dxe6 Nc5 13. Qc2 Nxe6 14. e3 Qf6 15. Rd1 Rd8 16. Nd5 Qf7 17. Bd2 c6 18. Nb4 Nc5 19. Rab1 f4 20. gxf4 a5 21. Nd3 Bf5 22. e4 Nxe4 23. Be3 Nc5 24. Bf1 Be4 25. Rbc1 Qf5 26. h3 Qh5 27. f3 Qxf3 28. Bxc5 dxc5 29. Qe2 Qg3+ 0-1

[Event "BLR-ch U20 Girls"]
[Site "Minsk"]
[Date "2022.04.17"]
[Round "6"]
[White "Poliakova, Varvara"]
[Black "Tarasenka, Aliaksandra"]
[Result "1/2-1/2"]
[WhiteElo "2017"]
[BlackElo "2047"]
[PlyCount "102"]
[EventDate "2022.04.13"]
[EventType "tourn"]
[EventRounds "11"]
[EventCountry "BLR"]
[SourceTitle "CBM 208 Extra"]
[Source "ChessBase"]
[SourceDate "2022.07.31"]
[SourceVersion "1"]
[SourceVersionDate "2022.07.31"]
[SourceQuality "1"]

1. e4 c5 2. Nf3 g6 3. d4 cxd4 4. Nxd4 Bg7 5. Nc3 Nc6 6. Nb3 Nf6 7. Be2 0-0 8. 0-0 d6 9. Re1 Be6 10. Bg5 Rc8 11. Bf1 h6 12. Bh4 Na5 13. e5 Ne8 14. exd6 g5 15. dxe7 Qxe7 16. Bg3 Nc4 17. Bxc4 Rxc4 18. Qd3 Rc8 19. Rad1 Qb4 20. Be5 Qg4 21. h3 Qh5 22. Nd4 Bc4 23. Qf3 Qxf3 24. Nxf3 f6 25. Bd4 b6 26. Nd2 Bf7 27. Nde4 Bg6 28. Rd2 Nc7 29. f3 Rcd8 30. Bxf6 Rxd2 31. Bxg7 Re8 32. Bxh6 Re6 33. Bxg5 Rxc2 34. Bf4 Ne8 35. Re2 Bxe4 36. fxe4 Rxe2 37. Nxe2 Rxe4 38. Kf2 b5 39. Kf3 Rc4 40. a3 Nf6 41. g4 a5 42. Be5 Nd7 43. Bc3 b4 44. axb4 axb4 45. b3 Rxc3+ 46. Nxc3 bxc3 47. Ke2 Nc5 48. b4 c2 49. Kd2 Nd3 50. Kxc2 Nxb4+ 51. Kc3 Nc6 1/2-1/2

[Event "BLR-ch U20 Girls"]
[Site "Minsk"]
[Date "2022.04.14"]
[Round "3"]
[White "Tarasenka, Aliaksandra"]
[Black "Liavonava, Yuliya"]
[Result "1-0"]
[WhiteElo "2047"]
[BlackElo "1481"]
[PlyCount "77"]
[EventDate "2022.04.13"]
[EventType "tourn"]
[EventRounds "11"]
[EventCountry "BLR"]
[SourceTitle "CBM 208 Extra"]
[Source "ChessBase"]
[SourceDate "2022.07.31"]
[SourceVersion "1"]
[SourceVersionDate "2022.07.31"]
[SourceQuality "1"]

1. e4 c5 2. c3 e6 3. d4 d5 4. e5 Nc6 5. Nf3 Qb6 6. Bd3 cxd4 7. 0-0 Bd7 8. Re1 Nh6 9. h3 Bc5 10. b4 Be7 11. b5 Na5 12. Nxd4 Nf5 13. Bxf5 exf5 14. Qf3 0-0 15. Qxd5 Be6 16. Qf3 Bc5 17. Nxf5 Bxf5 18. Qxf5 Qxb5 19. Nd2 Nc4 20. Qd3 Na3 21. Qxb5 Nxb5 22. Ne4 Rfc8 23. Rb1 a6 24. a4 Na7 25. Rxb7 Bf8 26. Nd6 Rxc3 27. Nxf7 Rac8 28. Bb2 Rc2 29. Nd6 R8c7 30. Rxc7 Rxc7 31. Bd4 Nc8 32. Nxc8 Rxc8 33. e6 Rc4 34. Ba7 Rc7 35. Bb6 Rc6 36. Bd8 Rc4 37. a5 Ra4 38. e7 Bxe7 39. Rxe7 1-0

[Event "BLR-ch U20 Girls"]
[Site "Minsk"]
[Date "2022.04.13"]
[Round "2"]
[White "Venskaya, Nika"]
[Black "Tarasenka, Aliaksandra"]
[Result "0-1"]
[WhiteElo "1282"]
[BlackElo "2047"]
[PlyCount "74"]
[EventDate "2022.04.13"]
[EventType "tourn"]
[EventRounds "11"]
[EventCountry "BLR"]
[SourceTitle "CBM 208 Extra"]
[Source "ChessBase"]
[SourceDate "2022.07.31"]
[SourceVersion "1"]
[SourceVersionDate "2022.07.31"]
[SourceQuality "1"]

1. d4 f5 2. Nf3 g6 3. e3 Bg7 4. c4 d6 5. Nc3 Nf6 6. Be2 0-0 7. 0-0 Nc6 8. Qb3 h6 9. Rd1 Kh7 10. a3 g5 11. Qc2 e6 12. e4 Ne7 13. e5 Ne8 14. h4 g4 15. Nh2 Kh8 16. h5 Nc6 17. Bf4 Qh4 18. Qd2 dxe5 19. Bxh6 exd4 20. Nb5 e5 21. Bg5 Qxh5 22. f4 a6 23. b4 e4 24. Nf1 axb5 25. cxb5 Nb8 26. Bc4 Nd6 27. Bb3 d3 28. Qe3 Nxb5 29. Ng3 Qxg5 30. Kf2 Bd4 31. Rh1+ Kg7 32. Nh5+ Qxh5 33. Rxh5 Bxe3+ 34. Kxe3 Rh8 35. Rg5+ Kf6 36. a4 Nd6 37. Rc1 c6 0-1

[Event "Motiva Online Blitz (Women)"]
[Site "Chess.com INT"]
[Date "2021.12.18"]
[Round "4"]
[White "Assaubayeva, Bibissara"]
[Black "Tarasenka, Aliaksandra"]
[Result "1-0"]
[WhiteElo "2434"]
[BlackElo "2124"]
[PlyCount "63"]
[EventDate "2021.12.18"]
[EventType "swiss (blitz)"]
[EventRounds "13"]
[EventCountry "USA"]
[SourceTitle "CBM 205 Extra"]
[Source "ChessBase"]
[SourceDate "2022.01.31"]
[SourceVersion "1"]
[SourceVersionDate "2022.01.31"]
[SourceQuality "1"]

1. d4 d5 2. c4 e6 3. Nc3 a6 4. Nf3 dxc4 5. a4 Nc6 6. Bg5 Be7 7. Bxe7 Ngxe7 8. e3 Na5 9. Nd2 c5 10. dxc5 Qc7 11. Nce4 0-0 12. Nxc4 Nd5 13. Rc1 Nxc4 14. Bxc4 Qe5 15. Bxd5 exd5 16. Nc3 Be6 17. 0-0 Rac8 18. b4 a5 19. bxa5 Rxc5 20. Nb5 Rfc8 21. Qd2 g6 22. Rxc5 Rxc5 23. Rc1 Rxc1+ 24. Qxc1 Qe4 25. Nd4 Qd3 26. h3 Bd7 27. Qc7 Qb1+ 28. Kh2 Bxa4 29. Qd8+ Kg7 30. Qxd5 Qb2 31. Qe5+ Kf8 32. Ne6+ 1-0

[Event "Motiva Online Blitz (Women)"]
[Site "Chess.com INT"]
[Date "2021.12.18"]
[Round "11"]
[White "Golubenko, Valentina"]
[Black "Tarasenka, Aliaksandra"]
[Result "0-1"]
[WhiteElo "2209"]
[BlackElo "2124"]
[PlyCount "110"]
[EventDate "2021.12.18"]
[EventType "swiss (blitz)"]
[EventRounds "13"]
[EventCountry "USA"]
[SourceTitle "CBM 205 Extra"]
[Source "ChessBase"]
[SourceDate "2022.01.31"]
[SourceVersion "1"]
[SourceVersionDate "2022.01.31"]
[SourceQuality "1"]

1. d4 f5 2. c4 Nf6 3. Nc3 g6 4. g3 Bg7 5. Bg2 d6 6. d5 0-0 7. Nh3 c6 8. 0-0 e5 9. dxe6 Bxe6 10. Bf4 Bxc4 11. Bxd6 Re8 12. Re1 Nbd7 13. b3 Ba6 14. Rc1 Nb6 15. Ng5 Nbd5 16. Nxd5 Qxd6 17. Nxf6+ Qxf6 18. h4 Rad8 19. Qc2 Qb2 20. e3 Qxc2 21. Rxc2 Bd3 22. Rc5 Bf8 23. Rc3 Bb4 24. Rec1 Bxc3 25. Rxc3 Bb1 26. Bf1 Be4 27. Bc4+ Bd5 28. Be2 h6 29. Nf3 Bxf3 30. Bxf3 Rd2 31. b4 Rxa2 32. b5 Ra1+ 33. Kg2 cxb5 34. Rc7 b4 35. Bd5+ Kh8 36. Rxb7 a5 37. Bf7 Rd8 38. Bxg6 Rad1 39. Bxf5 R1d5 40. g4 Re5 41. h5 Ra8 42. e4 a4 43. Rxb4 a3 44. f4 Rxf5 45. gxf5 a2 46. f6 a1Q 47. Kf3 Qc3+ 48. Kg4 Qxb4 49. Kf5 Qc5+ 50. e5 Qc2+ 51. Ke6 Re8+ 52. Kf7 Qc8 53. f5 Qd7+ 54. Kg6 Rg8+ 55. Kxh6 Qh7# 0-1

[Event "Motiva Online Blitz (Women)"]
[Site "Chess.com INT"]
[Date "2021.12.18"]
[Round "12"]
[White "Potapova, Margarita"]
[Black "Tarasenka, Aliaksandra"]
[Result "1-0"]
[WhiteElo "2257"]
[BlackElo "2124"]
[PlyCount "51"]
[EventDate "2021.12.18"]
[EventType "swiss (blitz)"]
[EventRounds "13"]
[EventCountry "USA"]
[SourceTitle "CBM 205 Extra"]
[Source "ChessBase"]
[SourceDate "2022.01.31"]
[SourceVersion "1"]
[SourceVersionDate "2022.01.31"]
[SourceQuality "1"]

1. d4 f5 2. c4 g6 3. Nf3 Bg7 4. g3 d6 5. Bg2 Nf6 6. 0-0 0-0 7. Nc3 Nc6 8. Qb3 Kh8 9. Re1 e5 10. dxe5 dxe5 11. Rd1 Qe7 12. Nd5 Nxd5 13. cxd5 Nd4 14. Nxd4 exd4 15. e3 dxe3 16. Bxe3 Be5 17. Re1 Qg7 18. Bc5 Rd8 19. Rad1 Bf6 20. d6 cxd6 21. Rxd6 Bd7 22. Qd3 Bc6 23. Bxc6 bxc6 24. Rxd8+ Rxd8 25. Qxd8+ Bxd8 26. Re8+ 1-0

[Event "Motiva Online Blitz (Women)"]
[Site "Chess.com INT"]
[Date "2021.12.18"]
[Round "7"]
[White "Tarasenka, Aliaksandra"]
[Black "Wagner, Dinara"]
[Result "0-1"]
[WhiteElo "2124"]
[BlackElo "2325"]
[PlyCount "70"]
[EventDate "2021.12.18"]
[EventType "swiss (blitz)"]
[EventRounds "13"]
[EventCountry "USA"]
[SourceTitle "CBM 205 Extra"]
[Source "ChessBase"]
[SourceDate "2022.01.31"]
[SourceVersion "1"]
[SourceVersionDate "2022.01.31"]
[SourceQuality "1"]

1. e4 c5 2. c3 d5 3. exd5 Qxd5 4. d4 Nf6 5. Nf3 e6 6. Be3 cxd4 7. cxd4 Nc6 8. Nc3 Qd8 9. a3 Be7 10. Bd3 0-0 11. 0-0 b6 12. Qe2 Bb7 13. Rac1 Rc8 14. Bb1 Na5 15. Ne5 Ba8 16. f3 Re8 17. Rcd1 Qc7 18. Bg5 Nd5 19. Bxe7 Qxe7 20. Qd3 g6 21. Ne4 f6 22. b4 Nb7 23. Nc4 f5 24. Ned2 Nd6 25. Ne5 Rc3 26. Qa6 Ne3 27. Rfe1 Nxd1 28. Rxd1 Bb7 29. Qxa7 Qc7 30. Qa4 Ra8 31. Qd7 Qxd7 32. Nxd7 Raxa3 33. Nxb6 Ra6 34. Nd7 Ra8 35. Nc5 Bd5 0-1

[Event "BLR-ch 1st League"]
[Site "Minsk"]
[Date "2021.12.17"]
[Round "9"]
[White "Kiryliuk, Ilya"]
[Black "Tarasenka, Aliaksandra"]
[Result "1/2-1/2"]
[WhiteElo "1971"]
[BlackElo "2124"]
[PlyCount "104"]
[EventDate "2021.12.09"]
[EventType "swiss"]
[EventRounds "9"]
[EventCountry "BLR"]
[SourceTitle "EXT 2023"]
[Source "ChessBase"]
[SourceDate "2022.10.05"]
[SourceVersion "1"]
[SourceVersionDate "2022.10.05"]
[SourceQuality "1"]

1. e4 e6 2. d4 d5 3. exd5 exd5 4. Nf3 Nf6 5. Bd3 c5 6. c3 c4 7. Bc2 Nc6 8. 0-0 Be7 9. b3 cxb3 10. axb3 Bg4 11. Nbd2 0-0 12. Bb2 Re8 13. Re1 Qc7 14. Nf1 Bd6 15. Rxe8+ Rxe8 16. h3 Bxf3 17. Qxf3 Nxd4 18. Bxh7+ Kxh7 19. Qd3+ Ne4 20. cxd4 g6 21. Rxa7 Qd7 22. Ra5 Bc7 23. Ra1 Qd6 24. Re1 Ra8 25. Ra1 Re8 26. Bc1 f5 27. Qb5 Rd8 28. Ra7 b6 29. f3 Nc3 30. Qd3 Qc6 31. Qc2 b5 32. Bf4 Rd7 33. Bxc7 Rxc7 34. Rxc7+ Qxc7 35. Ne3 b4 36. Qd3 Qg3 37. Nc2 Qf4 38. Nxb4 Qxd4+ 39. Qxd4 Ne2+ 40. Kf2 Nxd4 41. Nxd5 Nxb3 42. Ke3 Kg7 43. Kf4 Nc5 44. h4 Kh6 45. Ke5 Nd3+ 46. Kf6 f4 47. Ne7 Ne1 48. Nxg6 Nxg2 49. Kf5 Ne1 50. Ne5 Kh5 51. Kxf4 Kxh4 52. Ke4 Nxf3 1/2-1/2

[Event "BLR-ch 1st League"]
[Site "Minsk"]
[Date "2021.12.16"]
[Round "8"]
[White "Tarasenka, Aliaksandra"]
[Black "Hryharovich, Aliaksei"]
[Result "1/2-1/2"]
[WhiteElo "2124"]
[BlackElo "1987"]
[PlyCount "103"]
[EventDate "2021.12.09"]
[EventType "swiss"]
[EventRounds "9"]
[EventCountry "BLR"]
[SourceTitle "EXT 2023"]
[Source "ChessBase"]
[SourceDate "2022.10.05"]
[SourceVersion "1"]
[SourceVersionDate "2022.10.05"]
[SourceQuality "1"]

1. e4 c6 2. d4 d5 3. Nc3 dxe4 4. Nxe4 Nd7 5. c3 Ngf6 6. Nxf6+ Nxf6 7. Nf3 Bg4 8. h3 Bxf3 9. Qxf3 Qd5 10. Qg3 g6 11. Be2 Bg7 12. 0-0 0-0 13. Bf3 Qd7 14. Re1 Nd5 15. Bd2 Rfe8 16. Rad1 Rac8 17. Qh4 e6 18. Qe4 a6 19. Qd3 Ne7 20. Bf4 Red8 21. Qc4 Nd5 22. Bg3 Qe7 23. Qb3 Qd7 24. c4 Ne7 25. Bh4 Re8 26. g4 h6 27. Rd3 Red8 28. Red1 g5 29. Bg3 b5 30. Be4 Kh8 31. f4 f5 32. Bg2 Ng6 33. fxg5 hxg5 34. Kh1 Bf6 35. Qc2 Kg7 36. b3 Qf7 37. Qe2 f4 38. Bf2 Rd6 39. Qe4 Ne7 40. Re1 Rcd8 41. c5 Rd5 42. Qe2 R5d7 43. Qxe6 Qxe6 44. Rxe6 Kf7 45. Re1 Nd5 46. a3 Re8 47. Rxe8 Kxe8 48. Bf3 Re7 49. Kg2 Kd7 50. Bxd5 cxd5 51. Kf3 Re4 52. b4 1/2-1/2

[Event "BLR-ch 1st League"]
[Site "Minsk"]
[Date "2021.12.12"]
[Round "4"]
[White "Tarasenka, Aliaksandra"]
[Black "Yashchuk, Mikhail"]
[Result "0-1"]
[WhiteElo "2124"]
[BlackElo "1862"]
[PlyCount "102"]
[EventDate "2021.12.09"]
[EventType "swiss"]
[EventRounds "9"]
[EventCountry "BLR"]
[SourceTitle "EXT 2023"]
[Source "ChessBase"]
[SourceDate "2022.10.05"]
[SourceVersion "1"]
[SourceVersionDate "2022.10.05"]
[SourceQuality "1"]

1. e4 c6 2. Nf3 d5 3. d3 dxe4 4. dxe4 Qxd1+ 5. Kxd1 Bg4 6. Be2 Nd7 7. Ne1 Bxe2+ 8. Kxe2 Ngf6 9. f3 e6 10. Be3 Bc5 11. a4 Bxe3 12. Kxe3 a5 13. Nd3 Ke7 14. Nd2 Rhd8 15. Ra3 Ne8 16. e5 Nc7 17. Nc4 Nd5+ 18. Ke2 Nb4 19. Nxb4 axb4 20. Raa1 b5 21. axb5 Rxa1 22. Rxa1 cxb5 23. Ne3 Nxe5 24. Ra6 Rd6 25. Ra7+ Rd7 26. Ra6 Rd6 27. Ra7+ Rd7 28. Ra6 Rc7 29. Rb6 Rc5 30. Rb7+ Nd7 31. Kd3 Kd6 32. Ra7 Ne5+ 33. Kd2 Rc7 34. Ra6+ Kc5 35. b3 Rd7+ 36. Ke2 Nc6 37. Ra8 Rd8 38. Ra2 h5 39. h4 Nd4+ 40. Kf2 Kb6 41. f4 Rc8 42. g3 Rc3 43. Rb2 Kc7 44. Ra2 Kb7 45. Rb2 Kb6 46. Ra2 g6 47. Rb2 Nf5 48. Nxf5 exf5 49. Ra2 Kc5 50. Kg2 Kd4 51. Kh3 Rc7 0-1

[Event "Titled Tuesday intern op 16th Nov"]
[Site "Chess.com INT"]
[Date "2021.11.16"]
[Round "2"]
[White "Tarasenka, Aliaksandra"]
[Black "Johnson, Ben"]
[Result "1-0"]
[WhiteElo "2124"]
[BlackElo "2110"]
[PlyCount "31"]
[EventDate "2021.11.16"]
[EventType "swiss (blitz)"]
[EventRounds "11"]
[EventCountry "USA"]
[SourceTitle "CBM 205 Extra"]
[Source "ChessBase"]
[SourceDate "2022.01.31"]
[SourceVersion "1"]
[SourceVersionDate "2022.01.31"]
[SourceQuality "1"]

1. e4 c5 2. c3 Nf6 3. e5 Nd5 4. d4 cxd4 5. Qxd4 e6 6. Nf3 Nc6 7. Qg4 d6 8. Bb5 dxe5 9. Nxe5 Bd7 10. Nxd7 Qxd7 11. 0-0 a6 12. Be2 Nf6 13. Qg3 Qd6 14. Bf4 e5 15. Be3 Kd8 16. Rd1 1-0